000
00336nam a2200133Ia 4500
008
240624s9999 xx 000 0 und d
041
_a
eng
082
_a
332.6 FER
100
_a
FERTIG MAURY
245
_a
7 DEADLY SINS OF INVESTING HOW TO CONQUE
260
_c
2006
_a
New York
_b
AMACOM
300
_a
214 : p. : cm. ; 23
365
_c
_b
28
999
_c
21997
_d
21997